Fra Angelico / (Record no. 353249)
[ view plain ]
| 000 -LEADER | |
|---|---|
| fixed length control field | 01455 a2200289 4500 |
| 003 - CONTROL NUMBER IDENTIFIER | |
| control field | OSt |
| 005 - DATE AND TIME OF LATEST TRANSACTION | |
| control field | 20180116192359.0 |
| 008 - FIXED-LENGTH DATA ELEMENTS--GENERAL INFORMATION | |
| fixed length control field | 120622t xxu||||| |||| 00| 0 eng d |
| 010 ## - LIBRARY OF CONGRESS CONTROL NUMBER | |
| LC control number | 2010481595 |
| 020 ## - INTERNATIONAL STANDARD BOOK NUMBER | |
| International Standard Book Number | 9780714848303 |
| 020 ## - INTERNATIONAL STANDARD BOOK NUMBER | |
| International Standard Book Number | 0714848301 |
| 035 ## - SYSTEM CONTROL NUMBER | |
| System control number | (OCoLC)ocn172979956 |
| 040 ## - CATALOGING SOURCE | |
| Transcribing agency | 0 |
| 082 04 - DEWEY DECIMAL CLASSIFICATION NUMBER | |
| Classification number | 759.5 |
| 100 1# - MAIN ENTRY--PERSONAL NAME | |
| Personal name | Ahl, Diane Cole, |
| 9 (RLIN) | 4905 |
| 245 10 - TITLE STATEMENT | |
| Title | Fra Angelico / |
| Statement of responsibility, etc. | Diane Cole Ahl. |
| 260 ## - PUBLICATION, DISTRIBUTION, ETC. | |
| Place of publication, distribution, etc. | London ; |
| -- | New York, N.Y. : |
| Name of publisher, distributor, etc. | Phaidon Press, |
| Date of publication, distribution, etc. | 2008. |
| 300 ## - PHYSICAL DESCRIPTION | |
| Extent | 240 p. : |
| Other physical details | ill. (some col.), map ; |
| Dimensions | 30 cm. |
| 505 0# - FORMATTED CONTENTS NOTE | |
| Formatted contents note | Magnificence and splendour, poverty and war : The Florence of Fra Angelico -- Friar John of the Friars of San Domenico : paintings from the 1420s -- With all his art and expertise : Angelico in the early 1430s -- Angelico the 'master painter' : Dominican connections in Fiesole, Cortona and Florence -- A man of absolute modesty devoted to religious life : Angelico at San Marco -- Famous beyond all other Italian painters : Angelico in Rome and Orvieto -- The servant of God : the final works -- Afterlife : the legacy of Fra Angelico. |
| 600 00 - SUBJECT ADDED ENTRY--PERSONAL NAME | |
| Personal name | Angelico, |
| Dates associated with a name | ca. 1400-1455 |
| General subdivision | Criticism and interpretation. |
| 9 (RLIN) | 4906 |
| 600 00 - SUBJECT ADDED ENTRY--PERSONAL NAME | |
| Personal name | Angelico, |
| Dates associated with a name | ca. 1400-1455 |
| 9 (RLIN) | 4907 |
| 600 00 - SUBJECT ADDED ENTRY--PERSONAL NAME | |
| Personal name | Angelico (Fra) |
| 9 (RLIN) | 4908 |
| 650 10 - SUBJECT ADDED ENTRY--TOPICAL TERM | |
| Topical term or geographic name entry element | Painting, Renaissance |
| Geographic subdivision | Italy. |
| 9 (RLIN) | 4909 |
| 700 0# - ADDED ENTRY--PERSONAL NAME | |
| Personal name | Angelico, |
| Dates associated with a name | ca. 1400-1455. |
| 9 (RLIN) | 4910 |
| 942 ## - ADDED ENTRY ELEMENTS (KOHA) | |
| Institution code [OBSOLETE] | SADA |
| Koha item type | Book |
| Call number prefix | 759.5 AHL 2008 |
| Source of classification or shelving scheme | |
| 952 ## - LOCATION AND ITEM INFORMATION (KOHA) | |
| -- | BOOK |
| Withdrawn status | Lost status | Source of classification or shelving scheme | Damaged status | Not for loan | Permanent Location | Current Location | Date acquired | Total Checkouts | Total Renewals | Full call number | Barcode | Date last seen | Date last checked out | Cost, replacement price | Price effective from | Koha item type |
|---|---|---|---|---|---|---|---|---|---|---|---|---|---|---|---|---|
| School of Art Design and Architecture (SADA) | School of Art Design and Architecture (SADA) | 06/28/2011 | 2 | 2 | 759.5 AHL 2008 | SADA0001399 | 04/25/2012 | 04/18/2012 | 3843.00 | 08/05/2011 | Book |
